<The> Visegrad group and the European union: a marketing dimension of integration

Identifikácia marketingových úloh, ktoré vytvárajú proces integrácie štátov Vyšegrádskej skupiny s Európskou úniou. Marketingový rozmer integrácie ako proces prispôsobovania právnych subjektov krajín CEFTA štandardom jednoty (aquis communataire) a vytvorenia úplne nového trhového makro a mikroekonom...

Ausführliche Beschreibung

Gespeichert in:
Bibliographische Detailangaben
1. Verfasser: Wiktor, Jan W.
Format: Buchkapitel
Sprache:Englisch
Schlagworte:
Tags: Tag hinzufügen
Keine Tags, Fügen Sie das erste Tag hinzu!

MARC

LEADER 00000naa a2200000 4500
001 r042149
005 20230918081039.0
041 0 |a eng 
044 |a SK 
245 1 0 |a <The> Visegrad group and the European union: a marketing dimension of integration  |c Jan W. Wiktor 
520 |a Identifikácia marketingových úloh, ktoré vytvárajú proces integrácie štátov Vyšegrádskej skupiny s Európskou úniou. Marketingový rozmer integrácie ako proces prispôsobovania právnych subjektov krajín CEFTA štandardom jednoty (aquis communataire) a vytvorenia úplne nového trhového makro a mikroekonomického prostredia pre podniky. Základné marketingové úlohy štátov Vyšegrádskej skupiny v oblasti ekonomiky a marketingu. 
610 2 0 |a spolupráca hospodárska medzinárodná 
610 2 0 |a SVE 
610 2 0 |a Európska únia 
610 2 0 |a marketing 
610 2 0 |a trh spoločný 
610 2 0 |a makroekonomika 
610 2 0 |a mikroekonomika 
610 2 0 |a aproximácia práva 
100 1 |a Wiktor, Jan W.